Traité de paléontologie ou histoire naturelle des animaux fossiles considérés dans leurs rapports zoologiques et géologiques / (Record no. 162093)
[ view plain ]
| 000 -LEADER | |
|---|---|
| campo de control de longitud fija | 01460nam a22002775i 4500 |
| 001 - NÚMERO DE CONTROL | |
| campo de control | 162093 |
| 003 - IDENTIFICADOR DE NÚMERO DE CONTROL | |
| campo de control | ES-MaACL |
| 005 - FECHA Y HORA DE LA ÚLTIMA TRANSACCIÓN | |
| campo de control | 20250929063234.0 |
| 008 - DATOS DE LONGITUD FIJA--INFORMACIÓN GENERAL | |
| campo de control de longitud fija | 000920m18531857fr f |||| | fre d |
| 040 ## - FUENTE DE CATALOGACIÓN | |
| Centro catalogador/agencia de origen | CCPB | B |
| Lengua de catalogación | spa |
| Centro/agencia transcriptor | CCPB | B |
| 100 1# - ENTRADA PRINCIPAL--NOMBRE DE PERSONA | |
| Nombre de persona | Pictet de la Rive, François Jules, |
| Fechas asociadas al nombre | 1809-1872 |
| 9 (RLIN) | 131136 |
| 245 10 - MENCIÓN DEL TÍTULO | |
| Título | Traité de paléontologie ou histoire naturelle des animaux fossiles considérés dans leurs rapports zoologiques et géologiques / |
| Mención de responsabilidad, etc. | par F. J. Pictet. |
| 250 ## - MENCION DE EDICION | |
| Mención de edición | Seconde édition, revue, corrigée, considérablement augmentée. |
| 260 ## - PUBLICACIÓN, DISTRIBUCIÓN, ETC. | |
| Lugar de publicación, distribución, etc. | a Paris : |
| Nombre del editor, distribuidor, etc. | chez J. B. Baillière ; |
| Lugar de publicación, distribución, etc. | a Londres : |
| Nombre del editor, distribuidor, etc. | chez H. Baillière ; |
| Lugar de publicación, distribución, etc. | a New-York : |
| Nombre del editor, distribuidor, etc. | chez H. Baillière ; |
| Lugar de publicación, distribución, etc. | a Madrid : |
| Nombre del editor, distribuidor, etc. | chez C. Bailly-Baillière, |
| Fecha de publicación, distribución, etc. | 1853-1857 ( |
| Lugar de fabricación/manufactura | Paris : |
| Fabricante | imprimerie de L. Martinet) |
| 300 ## - DESCRIPCIÓN FÍSICA | |
| Extensión | 5 v. ; |
| Dimensiones | 21 cm. |
| 597 #1 - NOTA DE DESCRIPCIÓN FÍSICA | |
| NOTA DE DESCRIPCIÓN FÍSICA | T. I (584 p.) (1853) -- T. II (727 p.) (1854) -- T. III (654 p.) (1855) -- T. IV (768 p.) (1857) -- T. V Atlas de 110 planches (76 p., CX h. de grab.) (1853-1857) |
| 597 #1 - NOTA DE DESCRIPCIÓN FÍSICA | |
| NOTA DE DESCRIPCIÓN FÍSICA | Al final del T. IV aparece: "Fin de la table alphabétique générale et du tome quatrième et dernier" |
| 599 #1 - NOTA A LAS ILUSTRACIONES | |
| NOTA A LAS ILUSTRACIONES | Las h. de grab. representan restos paleontológicos. |
| 650 #7 - PUNTO DE ACCESO ADICIONAL DE MATERIA--TÉRMINO DE MATERIA | |
| Término de materia o nombre geográfico como elemento de entrada | Paleontología |
| Fuente del encabezamiento o término | embne |
| 9 (RLIN) | 15808 |
| 752 ## - ENTRADA AGREGADA--NOMBRE JERÁRQUICO DEL LUGAR | |
| País o entidad superior | Francia - |
| Ciudad | París |
| 752 ## - ENTRADA AGREGADA--NOMBRE JERÁRQUICO DEL LUGAR | |
| País o entidad superior | Gran Bretaña - |
| Ciudad | Londres |
| 752 ## - ENTRADA AGREGADA--NOMBRE JERÁRQUICO DEL LUGAR | |
| País o entidad superior | Estados Unidos - |
| Ciudad | Nueva York |
| 752 ## - ENTRADA AGREGADA--NOMBRE JERÁRQUICO DEL LUGAR | |
| País o entidad superior | España - |
| Ciudad | Madrid |
| 852 ## - LOCALIZACIÓN | |
| Ubicación | ES-MaACL |
| Número de control de estantería | F-15982-15986 |
| Nota libre | -- Enc. hol. |
| Estatus retirado | Estado de pérdida | Estado de daño | No para préstamo | Colección | Biblioteca de origen | Biblioteca actual | Ubicación en estantería | Fecha de adquisición | Fuente de adquisición | Total de préstamos | Signatura topográfica completa | Código de barras | Visto por última vez | Precio de reemplazo | Tipo de ítem Koha |
|---|---|---|---|---|---|---|---|---|---|---|---|---|---|---|---|
| Libros del s. XIX | Biblioteca del Ateneo de Madrid | Biblioteca del Ateneo de Madrid | Sala Pecera Planta 2 | 17/01/2008 | F-15982-15986 | 1169802 | 23/02/2023 | 23/02/2023 | Libro impreso antiguo |
